000 00333pab a2200145 454500
008 180718b2006 xxu||||| |||| 00| 0 eng d
100 _aNarayanan, K. R.
245 _aOur concept of globalisation
260 _c2006
300 _aP.17-19.
362 _a18 Nov
650 _aGlobalization
773 _aMainstream
909 _a72205
999 _c72205
_d72205